LEADER 01516nam a2200313 u 4500 001 000000075999 003 CaOOAMICUS 005 20070226123148.0 008 031103s1991 nyu u000 u eng u 020 $a0941320671 (Transnational Publishers)$c18533336270 (Graham & Trotman) 035 $a10974732 040 $aPUL(R)$bita 100 1 $aKiss, Alexandre.$0(OLS)http://pul/name/29790 245 10$aInternational environmental law /$cAlexandre Kiss and Dinah Shelton. 260 $aNew York :$bTransnational Publishers ;$aLondon :$bGraham & Trotman,$cc1991. 300 $axxxiv, 541 p. ;$c24 cm 500 $aComprende indici. 504 $aBibliografia: p. 507-532. 650 4$aDiritto ambientale.$0(OLS)http://pul/subject/19669 650 4$aDiritto internazionale.$0(OLS)http://pul/subject/2505 650 4$aAmbiente naturale$xTutela e conservazione.$0(OLS)http://pul/subject/19641 700 1 $aShelton, Dinah.$0(OLS)http://pul/name/49082 850 $aPUL 852 $aPUL$W1$xDP2 Cons. Gen., Altre Classi 1$y61$m1384 H 17$j97671$nBK-PRI$b $qStampati$B97671$CPULBib$Z2$F97671 $H77571 $81 941 1 $a8 996 $6020$a0941320671 (Transnational Publishers)$c18533336270 (Graham & Trotman)$9(OLS)http://pul/number/99502 996 $6245$aInternational environmental law$9(OLS)http://pul/title/99669 996 $6260$aNew York :$bTransnational Publishers$9(OLS)http://pul/publisher/74395 996 $6260$aLondon :$bGraham & Trotman$9(OLS)http://pul/publisher/74638 LEADER 01643nam a2200349 u 4500 001 000000114216 003 CaOOAMICUS 005 20090114151019.0 008 090114s2008 it u000 u ita r 020 $z978-88-15-12607-8* 040 $aPUL$bita$dLDB 245 00$aIntroduzione al diritto comparato delle religioni :$bEbraismo, Islam e Induismo /$ca cura di Silvio Ferrari. 260 $aBologna :$bIl Mulino,$cc2008. 300 $a226 p. ;$c21 cm 490 1 $aItinerari. Diritto 504 $aContiene indicazioni bibliografiche. 650 4$aDiritto comparato.$0(OLS)http://pul/subject/489 650 14$aDiritto e religione.$0(OLS)http://pul/subject/20548 650 14$aReligione comparata.$0(OLS)http://pul/subject/22394 700 1 $aFerrari, Silvio,$d1947-$0(OLS)http://pul/name/11587 830 0$aItinerari (Il Mulino).$pDiritto.$0(OLS)http://pul/title/101022 850 $aPUL 852 $aPUL$W1$xSL Diritto e Scienze Sociali 3$y79$m342. 08 FERSI 2$j130517$qDDC 21$q $B129590$CPULBib$Z2$F129590 $H109095 $81 852 $aPUL$W1$xDP1 Fondo G. Barberini$y122$m3 H 8$j166785$b2 copia$qFondi$B180128$CPULBib$Z2$F180128 $HBar1113 $82 941 1 $a9 941 1 $a1 960 $aDiritto ecclesiastico$920548 960 $aDiritto ecclesiastico$920548 960 $aReligione e diritto$920548 996 $6020$z978-88-15-12607-8*$9(OLS)http://pul/number/139403 996 $6245$aIntroduzione al diritto comparato delle religioni :$bEbraismo, Islam e Induismo$9(OLS)http://pul/title/143547 996 $6260$aBologna :$bIl Mulino$9(OLS)http://pul/publisher/47928